Instructor''s manual to accompany: Mechanical and electrical equipment for buildings

Gorde:
Xehetasun bibliografikoak
Formatua: Sách
Hizkuntza:Undetermined
Argitaratua:  John Wiley & Son  2006
Gaiak:
Etiketak: Etiketa erantsi
Etiketarik gabe, Izan zaitez lehena erregistro honi etiketa jartzen!
Thư viện lưu trữ: Trung tâm Thư viện - Trường Đại học Công nghiệp TP. Hồ Chí Minh
LEADER 00471nam a2200133Ia 4500
001 UIH_04140
008 231011s9999 xx 000 0 und d
082 |a  696 
245 0 |a  Instructor''s manual to accompany: Mechanical and electrical equipment for buildings 
260 |b  John Wiley & Son 
260 |c  2006 
650 |a  Xây dựng; Công trình;  
927 |a Sách 
980 |a Trung tâm Thư viện - Trường Đại học Công nghiệp TP. Hồ Chí Minh